000 00769nam a2200217Ii 4500
003 JO-AjNU
008 230605s9999||||xx |||||||||||||| ||und||
017 _a2010/5822
040 _aJO-AjNU
_bara
_erda
_cJO-AjNU
041 _aara
050 1 4 _aHV 6773.3 2010
100 3 _aالمنظمة العربية للتنمية الادارية,
_eauthor
_934267
245 0 0 _aمكافحة الجريمة عبر الانترنت
264 3 1 _aالقاهرة: المنظمة العربية للتنمية الادارية، 2010
300 _a266ص
336 _atext
_btxt
_2rdacontent
337 _aunmediated
_bn
_2rdamedia
338 _avolume
_bnc
_2rdacarrier
490 0 _aاعمال مؤتمرات
650 4 _aمكافحة الجريمة -الانترنت
_934268
999 _aA14030
_c17598
_d17598